Introduction to operator theory I
Salvato in:
| Autori principali: | , |
|---|---|
| Natura: | Libro |
| Lingua: | inglese |
| Pubblicazione: |
Nueva York
Springer-Verlag
1977
|
| Serie: | Graduate texts in mathematics, 55
|
| Soggetti: | |
| Tags: |
Aggiungi Tag
Nessun Tag, puoi essere il primo ad aggiungerne!!
|
MARC
| LEADER | 00000nam a2200000 a 4500 | ||
|---|---|---|---|
| 001 | UCW1431 | ||
| 003 | CL-VaPUC | ||
| 008 | 920624e19770000US |||||||||||||||||eng|d | ||
| 082 | 0 | 4 | |a 515.7 |b BRO |2 21 |
| 100 | 0 | |a Brown, Arlen |e author |9 305385 | |
| 700 | |a Pearcy, Carl |e author |9 343076 | ||
| 245 | 1 | 0 | |a Introduction to operator theory I |
| 300 | |a v | ||
| 942 | |c BK | ||
| 945 | |d 19920624 00:00:00 |a mfernand | ||
| 260 | |a Nueva York |b Springer-Verlag |c 1977 | ||
| 500 | |a v.1: Elements of functional analysis | ||
| 650 | 0 | |a Análisis funcional |9 269993 | |
| 583 | |a last modification |c 19920624 00:00:00 |k Rodrigo Vera | ||
| 490 | 0 | |a Graduate texts in mathematics, 55 | |
| 999 | |c 216321 |d 216319 | ||
| 952 | |0 0 |1 0 |4 0 |6 515_700000000000000_BRO_1977 |7 0 |8 A |9 201931 |a BIBMAT |b BIBMAT |d 2019-11-14 |h v.1 |i 2691345 |o 515.7 BRO 1977 |p 2691345 |r 2025-01-07 |w 2019-11-14 |y BK |k MAT | ||
| 952 | |0 0 |1 0 |4 0 |6 515_700000000000000_BRO_1977 |7 0 |8 A |9 201932 |a BIBMAT |b BIBMAT |d 2019-11-14 |h v.1 |i 1324950 |o 515.7 BRO 1977 |p 1324950 |r 2025-01-07 |w 2019-11-14 |y BK |k MAT | ||
| 952 | |0 0 |1 0 |4 0 |6 515_700000000000000_BRO_1977 |7 0 |8 A |9 201933 |a BIBMAT |b BIBMAT |d 2019-11-14 |h v.1 |i 1324969 |o 515.7 BRO 1977 |p 1324969 |r 2025-01-07 |w 2019-11-14 |y BK |k MAT | ||